000 00518cam a2200157Ka 4500
082 0 4 _a923.193152
_bWOL
100 1 _aWolseley, Garnet Wolseley,
_949250
245 1 4 _aThe life of John Churchill Duke of Marlborough to the accession of Queen Anne
250 _a3rd ed.
260 _aLondon :
_bR. Bentley & Son,
_c1894-
300 _a1 online resource.
526 _a0
_b0
_c0
_d923_193152000000000_WOL
650 _aMCE
_9379
856 4 0 _uhttp://catalog.hathitrust.org/api/volumes/oclc/34693781.html
942 _2ddc
_cBK
999 _c553214
_d553214